| 000 | 00345 a2200133 4500 | ||
|---|---|---|---|
| 999 |
_c324317 _d324317 |
||
| 001 | 89244 | ||
| 003 | NUST | ||
| 082 | _a891.4392 UMA | ||
| 100 |
_aUmaira Ahmed _9743 |
||
| 245 |
_aEid plays=chand say pehly _hUrdu _cumera ahmed |
||
| 260 |
_aLahore _bIlm-o-Irfan Publishers _c2012 |
||
| 300 | _a144 p. | ||
| 740 | _achand say pehle | ||
| 942 |
_aCAE NUST _cBK _k891.4392 UMA _2ddc |
||